000 00525nmm a2200169Ia 4500
008 251105s9999||||xx |||||||||||||||||und||
020 _a9788496831216
041 _aspa
100 _aAguirre Rojas, Carlos Antonio
245 0 _aAntimanual del mal historiador o: ¿cómo hacer hoy una buena historia crítica?
264 _a[Madrid, España] :
_bMontesinos,
_c2007
300 _a136 páginas
490 _aEnsayo
650 _aHistory (General)
856 _uhttps://public.digitaliapublishing.com/a/59999
942 _cCF
999 _c90132
_d90132